Normal view MARC view
  • Military geography

Entry Topical Term

Number of records used in: 1

001 - CONTROL NUMBER

  • control field: 49538

003 - CONTROL NUMBER IDENTIFIER

  • control field: NUST

005 - DATE AND TIME OF LATEST TRANSACTION

  • control field: 20210314134347.0

008 - FIXED-LENGTH DATA ELEMENTS

  • fixed length control field: 210314|| aca||aabn | a|a d

040 ## - CATALOGING SOURCE

  • Original cataloging agency: NUST
  • Transcribing agency: NUST

150 ## - HEADING--TOPICAL TERM

  • Topical term or geographic name entry element: Military geography
  • Geographic subdivision: Great Britain

670 ## - SOURCE DATA FOUND

  • Source citation: Work cat.: (NUST): Cornish, Vaughan, 49537, Naval and military geography of the British empire, 1916.
© 2023 Central Library, National University of Sciences and Technology. All Rights Reserved.